00758 2200265 4500001002100000005001500021035002000036007000300056008004100059020002200100082001000122084001600132100001600148245010800164260004800272300003800320500001100358650002600369700001900395700001600414700000900430504003100439990001100470990001100481INLIS00000000000342920190517024817 a0010-0519000021ta190517 g 0 ind  a978-602-6751-30-0 a302.2 a302.2 FIS p0 aFISKE, John1 aPengantar Ilmu Komunikasi /cJohn Fiske; penerjemah, Irfan Ibrahim; editor, John Fiske; penyunting Heri aYogyakarta :bBuku Litera Yogyakarta,c2016 axxiv, 248 hlm. :bilus. ;c23 cm. aIndeks 4aSOSIOLOGI. KOMUNIKASI0 aIRFAN, Ibrahim0 aFISKE, John0 aHERI aBibliografi : hlm. 231-243 a6588 a a6588 b